Figurations in Indian film (Record no. 13554)

MARC details
000 -LEADER
fixed length control field 00600 a2200217 4500
001 - CONTROL NUMBER
control field 148683
003 - CONTROL NUMBER IDENTIFIER
control field OSt
005 - DATE AND TIME OF LATEST TRANSACTION
control field 20211001142153.0
008 - FIXED-LENGTH DATA ELEMENTS--GENERAL INFORMATION
fixed length control field
020 ## - INTERNATIONAL STANDARD BOOK NUMBER
International Standard Book Number 9780230291799
082 ## - DEWEY DECIMAL CLASSIFICATION NUMBER
Classification number 791.430954
Item number F46F
245 1# - TITLE STATEMENT
Title Figurations in Indian film
Statement of responsibility, etc edited by Meheli Sen and Anustup Basu
260 ## - PUBLICATION, DISTRIBUTION, ETC. (IMPRINT)
Place of publication, distribution, etc London
Name of publisher, distributor, etc Palgrave MacMillan
Date of publication, distribution, etc 2013
300 ## - PHYSICAL DESCRIPTION
Extent 292p.
653 ## - INDEX TERM--UNCONTROLLED
Uncontrolled term Culture and Media Studies
653 ## - INDEX TERM--UNCONTROLLED
Uncontrolled term Motion pictures
653 ## - INDEX TERM--UNCONTROLLED
Uncontrolled term Motion picture industry
700 ## - ADDED ENTRY--PERSONAL NAME
Personal name Sen, Meheli
Relator term Editor
700 ## - ADDED ENTRY--PERSONAL NAME
Personal name Basu, Anustup
Relator term Editor
942 ## - ADDED ENTRY ELEMENTS (KOHA)
Source of classification or shelving scheme Dewey Decimal Classification
Koha item type Books
Holdings
Withdrawn status Lost status Source of classification or shelving scheme Damaged status Not for loan Collection code Home library Current library Date acquired Source of acquisition Cost, normal purchase price Full call number Barcode Date last seen Price effective from Koha item type
    Dewey Decimal Classification     General Text Book Central University Of Rajasthan Central University Of Rajasthan 11/09/2015 CMS 0.00 791.430954 F46F 22344 21/11/2024 02/09/2020 Books